| 000 | 00842cab a2200253 4500 | ||
|---|---|---|---|
| 001 | WB3501-07 | ||
| 008 | 090401t1999 xxu||||| |||| 00| 0 eng d | ||
| 035 | _a(Sirsi) u90571 | ||
| 041 | _aeng | ||
| 245 | _aNew accident initiative | ||
| 260 | _c1999 | ||
| 350 | _a0 | ||
| 490 |
_aConstruction News _v(6597) 7 January 1999, 14(1) |
||
| 520 | _aThe Health and Safety Executive has issued new guidelines for the safe driving of construction vehicles. "The safe use of vehicles on construction sites" is an attempt to reduce the number of accidents on site. | ||
| 650 | _aACCIDENTS AT WORK | ||
| 650 | _aCONSTRUCTION SITES | ||
| 650 | _aGUIDELINES | ||
| 650 | _aHEALTH AND SAFETY EXECUTIVE | ||
| 650 | _aSITE SAFETY | ||
| 650 | _aVEHICLES | ||
| 690 | _aBUILT ENVIRONMENT-BUILDING STANDARDS | ||
| 942 | _n0 | ||
| 948 | _c07/01/1999 | ||
| 999 |
_c57434 _d57434 |
||